00520nam a22001457a 4500003001100000005001700011008004100028040003900069041000800108245009400116260006300210942000700273952007900280999001500359LK-CoMWRAF20240201224104.0240201b |||||||| |||| 00| 0 eng d aLK-CoMWRAFdLK-CoMWRAFeLK-CoMWRAF aeng aIt's up to us :bA Program guide on human rights for human rights day and other occasions aOttawa :bDepartment of citizenship and immigration,c1964 cBK 00104070aMAINbMAINd2024-02-01l0pRAF4963r2024-02-01w2024-02-01yBK c4715d4715